Las bifurcaciones del orden

Detalles Bibliográficos
Autor principal: de Sousa Santos, Boaventura
Formato: eBook
Lenguaje:español
Publicado: Bogot:̀ Siglo del Hombre Editores, 2018
Materias:
Acceso en línea:Acceso restringido

MARC

LEADER 00000nam a22000007a 4500
005 20210503225030.0
007 cr|||| |||
008 210503s2018 co |||||s|||| 00||0 spa d
020 |a 978-958-665-487-6 
035 |a 33235 
040 |a vLex 
090 |c 11597  |d 11597 
100 1 |a de Sousa Santos, Boaventura 
245 1 3 |a Las bifurcaciones del orden  |h [Recurso electrn̤ico] /  |c Boaventura de Sousa Santos 
256 |a Servicio en ln̕ea 
260 |a Bogot:̀  |b Siglo del Hombre Editores,  |c 2018 
300 |a 1 recurso electrn̤ico 
500 |a Esta obra recoge un conjunto de estudios realizados por Boaventura de Sousa Santos sobre temas de sociologa̕ del derecho. En ellos analiza los diferentes y complejos modos en que el orden jurd̕ico, el derecho y los tribunales reflejan los procesos de transformacin̤ social e influyen en ellos. Las condiciones dentro de las cuales el derecho puede movilizarse para mejorar la vida de los grupos y clases sociales ms̀ vulnerables son muy exigentes. La reciente experiencia social y polt̕ica hace ver que tales condiciones serǹ cada vez ms̀ difc̕iles de obtener y que, en consecuencia, el derecho servir ̀an︢ ms̀ e incondicionalmente a los intereses de las clases dominantes. 
506 1 |a Disponible solo en los productos indicados  |d vLex Global  |d vLex Global (Academic Edition, excluding Law Schools)  |d vLex Global (U.S. Academic Edition, Law Schools)  |d vLex Global (U.S. Academic Edition, excluding Law Schools)  |d vLex Global (Academic Edition, Law Schools) 
650 0 4 |a Ciencias sociales  |z Colombia 
650 0 4 |a Filosofa̕ y religin̤  |z Colombia 
650 0 4 |a Humanidades  |z Colombia 
740 0 |a vLex Libros (Servicio en ln̕ea) 
856 4 0 |u https://vlex.com/source/bifurcaciones-del-orden-33235  |z Acceso restringido 
942 |c BOOK 
999 0 |a Social Sciences 
999 0 |a Philosophy and religion 
999 0 |a Humanities